000 01169nam a2200253Ia 4500
999 _c51357
_d51357
001 18339
003 GE_BSU
005 20250318131840.0
008 181216s2016||||ge |||||||||||||| ||geo||
020 _a9789941460241
040 _cGE_BSU
041 _ageo
080 _a130.3+2 გ-69
100 _aგორგოშაძე, მ.
_924590
245 _aსაუბრები ეროვნულ ცნობიერებაზე /
_cმურმან გორგოშაძე; რედ. მ. ჩოხარაძე, ა.ასლანიძე.
264 _aბათუმი :
_b”გამომცემლობა აჭარა”,
_c2016
300 _a89 გვ. ;
_b20 სმ.
504 _a ბიბლიოგრ. : გვ. 80-88 და ტექსტის შენიშვნებში.
653 _aსოციოლოგია
653 _aეროვნული ცნობიერება
700 _aჩოხარაძე, მალხაზ
_eრედაქტორი
_924591
700 _aასლანიძე, აბესალომ
_eრედაქტორი
_95886
942 _cBK
_2udc